Faculty of Law Library — Cairo University

Official Online Catalog

شرح نظام الحكم المحلي الجديد : (Record no. 71658)

MARC details
000 -LEADER
fixed length control field 01217nam a2200325 i 4500
003 - CONTROL NUMBER IDENTIFIER
control field EG-GICUC
005 - DATE AND TIME OF LATEST TRANSACTION
control field 20260418144831.0
008 - FIXED-LENGTH DATA ELEMENTS--GENERAL INFORMATION
fixed length control field 260418b1980 au ||||fr|||| 00| 0 ara d
017 ## - COPYRIGHT OR LEGAL DEPOSIT NUMBER
Copyright or legal deposit number 79 / 4786
040 ## - CATALOGING SOURCE
Original cataloging agency EG-GICUC
Language of cataloging ara
Transcribing agency EG-GICUC
Modifying agency EG-GICUC
Description conventions rda
041 0# - LANGUAGE CODE
Language code of text/sound track or separate title ara
082 04 - DEWEY DECIMAL CLASSIFICATION NUMBER
Edition number 21
Classification number 345.25
Item number س م . ش
092 04 - LOCALLY ASSIGNED DEWEY CALL NUMBER (OCLC)
Edition number 21
099 ## - LOCAL FREE-TEXT CALL NUMBER (OCLC)
Classification number Law1 07 345.25 س م . ش -1ed 1980
100 0# - MAIN ENTRY--PERSONAL NAME
Personal name سليمان محمد الطماوي
Relator term Author.
245 00 - TITLE STATEMENT
Title شرح نظام الحكم المحلي الجديد :
Remainder of title القانون رقم 43 لسنة 1979 ولئحته التنفيذية /
Statement of responsibility, etc. سليمان محمد الطماوي .
250 ## - EDITION STATEMENT
Edition statement الطبعة الأولى
264 #1 - PRODUCTION, PUBLICATION, DISTRIBUTION, MANUFACTURE, AND COPYRIGHT NOTICE
Place of production, publication, distribution, manufacture مصر:
Name of producer, publisher, distributor, manufacturer دار الفكر العربي،
Date of production, publication, distribution, manufacture, or copyright notice 1980
264 #1 - PRODUCTION, PUBLICATION, DISTRIBUTION, MANUFACTURE, AND COPYRIGHT NOTICE
Place of production, publication, distribution, manufacture مصر:
Name of producer, publisher, distributor, manufacturer دار الثقافة العربية للطباعة،
Date of production, publication, distribution, manufacture, or copyright notice 1980
300 ## - PHYSICAL DESCRIPTION
Extent 280 ؛ صفحة
Dimensions 24 سم
336 ## - CONTENT TYPE
Source rda content
Content type term text
337 ## - MEDIA TYPE
Source rda media
Media type term Computer
338 ## - CARRIER TYPE
Source rda carrier
Carrier type term Online Resource
546 ## - LANGUAGE NOTE
Language note النص باللغة العربية
650 14 - SUBJECT ADDED ENTRY--TOPICAL TERM
Topical term or geographic name entry element الحكم المحلي
Source of heading or term qrmak
651 1# - SUBJECT ADDED ENTRY--GEOGRAPHIC NAME
Source of heading or term qrmak
856 40 - ELECTRONIC LOCATION AND ACCESS
Uniform Resource Identifier <a href="https://fll.law.cu.edu.eg/fulltext/bks/لآ07-00867.pdf">https://fll.law.cu.edu.eg/fulltext/bks/لآ07-00867.pdf</a>
905 ## - Cataloger and Reviser Names
Cataloger Name: Salma Hany
942 ## - ADDED ENTRY ELEMENTS (KOHA)
Source of classification or shelving scheme Dewey Decimal Classification
Koha item type Books
Edition 21
Suppress in OPAC No
Holdings
Withdrawn status Lost status Source of classification or shelving scheme Damaged status Not for loan Collection Home library Current library Date acquired Total checkouts Full call number Barcode Date last seen Price effective from Koha item type
    Dewey Decimal Classification   Not for loan القانون الإداري جــــامعة القــاهرة مكتبة كلية الحقوق - المبنى الرئيسي 18.04.2026   Law1 07 345.25 س ل . ش -1 ed 1980 0700867 C1 B07-00867 18.04.2026 18.04.2026 Books
    Dewey Decimal Classification     القانون الإداري جــــامعة القــاهرة مكتبة كلية الحقوق - المبنى الرئيسي 18.04.2026   Law1 07 345.25 س ل. ش -1 ed 1980 0700866 C2 B07-00866 18.04.2026 18.04.2026 Books
    Dewey Decimal Classification     القانون الإداري جــــامعة القــاهرة مكتبة كلية الحقوق - فـرع الشيخ زايد 18.04.2026   Law2 07 345.25 س ل . ش -1 ed 1980 0700865 C3 B07-00865 18.04.2026 18.04.2026 Books

© All rights reserved — Faculty of Law, Cairo University